[Event "Asian-ch Amateur (Women)"]
[Site "Isfahan"]
[Date "2016.11.18"]
[Round "9.4"]
[White "Safaei, Maliheh"]
[Black "Majed, Negin"]
[Result "1/2-1/2"]
[WhiteElo "1636"]
[BlackElo "1593"]
[PlyCount "47"]
[EventDate "2016.11.12"]
[EventType "swiss"]
[EventRounds "9"]
[EventCountry "IRI"]
[SourceTitle "EXT 2024"]
[Source "ChessBase"]
[SourceDate "2023.10.10"]
[SourceVersion "1"]
[SourceVersionDate "2023.10.10"]
[SourceQuality "1"]

1. e4 c6 2. d4 d5 3. Nc3 dxe4 4. Nxe4 Bf5 5. Ng3 Bg6 6. Nf3 Nf6 7. c3 e6 8. h4 h6 9. Ne5 Bh7 10. Bd3 Bxd3 11. Qxd3 Nbd7 12. Qe2 Be7 13. Nxd7 Qxd7 14. Ne4 Qd5 15. Nxf6+ Bxf6 16. f3 0-0-0 17. Be3 e5 18. dxe5 Bxe5 19. 0-0 Bg3 20. Bf2 Rhe8 21. Qc2 Qe5 22. Bxg3 Qxg3 23. Qf2 Qxf2+ 24. Rxf2 1/2-1/2

[Event "Asian-ch Amateur (Women)"]
[Site "Isfahan"]
[Date "2016.11.17"]
[Round "8.4"]
[White "Sandhya, Goli"]
[Black "Safaei, Maliheh"]
[Result "1/2-1/2"]
[WhiteElo "1738"]
[BlackElo "1636"]
[PlyCount "78"]
[EventDate "2016.11.12"]
[EventType "swiss"]
[EventRounds "9"]
[EventCountry "IRI"]
[SourceTitle "EXT 2024"]
[Source "ChessBase"]
[SourceDate "2023.10.10"]
[SourceVersion "1"]
[SourceVersionDate "2023.10.10"]
[SourceQuality "1"]

1. e4 c6 2. Nc3 d5 3. Nf3 Bg4 4. h3 Bxf3 5. Qxf3 e6 6. exd5 cxd5 7. d4 Nc6 8. Ne2 Nf6 9. c3 Qc7 10. Ng3 Bd6 11. Nh5 Nxh5 12. Qxh5 Bf4 13. Qg4 Bxc1 14. Rxc1 0-0 15. Be2 a6 16. 0-0 Rac8 17. f4 Qe7 18. Bd3 Rc7 19. f5 exf5 20. Bxf5 g6 21. Rce1 Qd6 22. h4 Kh8 23. Bc2 f5 24. Qe2 Re7 25. Qf3 Rxe1 26. Rxe1 Kg7 27. Bb3 Rd8 28. Re3 Na5 29. Qe2 Kf6 30. Re8 Rxe8 31. Qxe8 Nxb3 32. Qh8+ Ke6 33. axb3 Qg3 34. Qe8+ Kf6 35. Qh8+ Ke6 36. Qxh7 Qe3+ 37. Kh1 Qc1+ 38. Kh2 Qf4+ 39. Kh3 Qg4+ 1/2-1/2

[Event "SLO-ch blind int 11th"]
[Site "Izola"]
[Date "2015.06.14"]
[Round "7"]
[White "Safaei, Maliheh"]
[Black "Pockaj, Branko"]
[Result "1/2-1/2"]
[WhiteElo "1673"]
[BlackElo "1688"]
[PlyCount "88"]
[EventDate "2015.06.08"]
[EventType "swiss"]
[EventRounds "7"]
[EventCountry "SLO"]
[SourceTitle "EXT 2024"]
[Source "ChessBase"]
[SourceDate "2023.10.10"]
[SourceVersion "1"]
[SourceVersionDate "2023.10.10"]
[SourceQuality "1"]

1. d4 d5 2. Nf3 Nf6 3. c4 c6 4. Nc3 dxc4 5. e3 b5 6. Qc2 a6 7. Be2 e6 8. 0-0 Be7 9. Bd2 Bb7 10. a4 Nbd7 11. b3 cxb3 12. Qxb3 0-0 13. Bd3 b4 14. Ne2 a5 15. e4 c5 16. e5 Nd5 17. Rac1 Rc8 18. Qb1 h6 19. Rfe1 N7b6 20. dxc5 Rxc5 21. Rxc5 Bxc5 22. Bb5 Qb8 23. Ng3 Be7 24. Qd1 Qc7 25. Qe2 Nc3 26. Bxc3 Qxc3 27. Nd2 Bd5 28. Nh5 Rc8 29. Rd1 Qc2 30. Qg4 Qg6 31. Qxg6 fxg6 32. Nf4 Kf7 33. Nxd5 Nxd5 34. Nb3 Bd8 35. Nd4 Rc3 36. Bd7 Ke7 37. Bxe6 Nb6 38. Bb3 Bc7 39. f4 g5 40. Nf5+ Kf8 41. Nd4 Ke7 42. Nf5+ Kf8 43. Nd4 Ke7 44. Nf5+ Kf8 1/2-1/2

[Event "SLO-ch blind int 11th"]
[Site "Izola"]
[Date "2015.06.12"]
[Round "6"]
[White "Moradiyan, Meysam"]
[Black "Safaei, Maliheh"]
[Result "1-0"]
[WhiteElo "1970"]
[BlackElo "1673"]
[PlyCount "111"]
[EventDate "2015.06.08"]
[EventType "swiss"]
[EventRounds "7"]
[EventCountry "SLO"]
[SourceTitle "EXT 2024"]
[Source "ChessBase"]
[SourceDate "2023.10.10"]
[SourceVersion "1"]
[SourceVersionDate "2023.10.10"]
[SourceQuality "1"]

1. e4 c6 2. c4 d5 3. cxd5 cxd5 4. exd5 Qxd5 5. Nc3 Qa5 6. Nf3 Nf6 7. Bc4 e6 8. 0-0 Be7 9. d4 Nc6 10. d5 exd5 11. Nxd5 Nxd5 12. Bxd5 0-0 13. Qb3 Nb4 14. Rd1 Nxd5 15. Rxd5 Qb4 16. Qxb4 Bxb4 17. Nd4 b6 18. Be3 Bc5 19. a3 Bxd4 20. Rxd4 Be6 21. Rc1 Rfd8 22. Kf1 Rxd4 23. Bxd4 Rc8 24. Rxc8+ Bxc8 25. b4 f6 26. Ke2 Ba6+ 27. Kd2 Kf7 28. Kc3 Ke6 29. a4 Kd6 30. b5 Bb7 31. f3 Bc8 32. Kb4 Kd5 33. Bf2 g6 34. a5 bxa5+ 35. Kxa5 Kd6 36. Bxa7 Kc7 37. Bd4 f5 38. Be5+ Kb7 39. Kb4 Be6 40. Kc5 Bb3 41. Bf4 Bd1 42. Bh6 Be2 43. b6 Bd3 44. h4 Bf1 45. g3 Be2 46. f4 Bd3 47. Bg7 Be2 48. Bd4 Bf3 49. Kd6 Be4 50. Ke6 Bf3 51. Kf7 Bg4 52. Kg7 Bf3 53. Kxh7 Bh5 54. g4 fxg4 55. Kh6 g3 56. f5 1-0

[Event "SLO-ch blind int 11th"]
[Site "Izola"]
[Date "2015.06.08"]
[Round "2"]
[White "Devisti Mogouei, Mohammad"]
[Black "Safaei, Maliheh"]
[Result "0-1"]
[WhiteElo "1866"]
[BlackElo "1673"]
[PlyCount "118"]
[EventDate "2015.06.08"]
[EventType "swiss"]
[EventRounds "7"]
[EventCountry "SLO"]
[SourceTitle "EXT 2024"]
[Source "ChessBase"]
[SourceDate "2023.10.10"]
[SourceVersion "1"]
[SourceVersionDate "2023.10.10"]
[SourceQuality "1"]

1. e4 c6 2. c4 d5 3. exd5 cxd5 4. cxd5 Qxd5 5. Nc3 Qa5 6. Bb5+ Bd7 7. Qb3 Bxb5 8. Qxb5+ Qxb5 9. Nxb5 Kd8 10. Nf3 Nc6 11. 0-0 a6 12. Nc3 e5 13. Rd1 f5 14. d4 e4 15. Ng5 Ke8 16. Ne6 Kf7 17. Nxf8 Rxf8 18. Bf4 Nf6 19. d5 Ne7 20. d6 Ng6 21. Be3 Rd8 22. Na4 Nd7 23. Rac1 Ke6 24. Rc7 b5 25. Nc5+ Nxc5 26. Bxc5 Rd7 27. Rc6 Ra8 28. f3 Ne5 29. Rc7 Nd3 30. Rxd7 Kxd7 31. Bd4 g6 32. fxe4 fxe4 33. Rf1 Kxd6 34. Rf7 Re8 35. Be3 h5 36. Rf6+ Re6 37. Rf8 Nxb2 38. Ra8 Kd7 39. Ra7+ Ke8 40. Ra8+ Kd7 41. Ra7+ Kc8 42. Ra8+ Kd7 43. Ra7+ Kc6 44. Rxa6+ Kd5 45. Ra5 Kc4 46. Kf1 Nd1 47. Ke2 Nc3+ 48. Ke1 Kd3 49. Bd2 b4 50. Ra8 e3 51. Rd8+ Kc2 52. Bxc3 bxc3 53. Rb8 Ra6 54. Ke2 Kc1 55. Kxe3 Rxa2 56. Kd3 c2 57. Rc8 Kb1 58. h3 c1Q 59. Rxc1+ Kxc1 0-1

[Event "IBCA-ol blind 14th"]
[Site "Chennai"]
[Date "2012.08.17"]
[Round "7.3"]
[White "Nistor, Mihai"]
[Black "Safaei, Maliheh"]
[Result "1-0"]
[WhiteElo "1925"]
[BlackElo "1756"]
[PlyCount "69"]
[EventDate "2012.08.10"]
[EventType "team-swiss"]
[EventRounds "9"]
[EventCountry "IND"]
[SourceTitle "CBM 149 Extra"]
[Source "ChessBase"]
[SourceDate "2012.08.24"]
[SourceVersion "1"]
[SourceVersionDate "2012.08.24"]
[SourceQuality "1"]
[WhiteTeam "Romania"]
[BlackTeam "Iran"]
[WhiteTeamCountry "ROU"]
[BlackTeamCountry "IRI"]

1. e4 c6 2. d3 d5 3. Nd2 dxe4 4. dxe4 Nf6 5. Bc4 Bg4 6. f3 Bc8 7. Ne2 e6 8. 0-0 Be7 9. c3 0-0 10. Qc2 Nbd7 11. Kh1 b5 12. Bb3 Nc5 13. e5 Nd5 14. Ne4 Nxb3 15. axb3 Bb7 16. Nd4 a6 17. b4 h6 18. f4 Qb6 19. f5 exf5 20. Nxf5 Qc7 21. Nxe7+ Qxe7 22. Nd6 Bc8 23. Qe4 Bd7 24. Bd2 Nb6 25. Rad1 Nc8 26. Nb7 Nb6 27. Be3 Be8 28. Bxb6 Qxb7 29. Bc5 Qc8 30. Bxf8 Kxf8 31. e6 Kg8 32. e7 Qc7 33. Rd4 Rc8 34. Rfd1 g6 35. Rd8 1-0

[Event "IBCA-ol blind 14th"]
[Site "Chennai"]
[Date "2012.08.16"]
[Round "6.2"]
[White "Otero Munelo, Harlan Enrique"]
[Black "Safaei, Maliheh"]
[Result "1-0"]
[WhiteElo "2038"]
[BlackElo "1756"]
[PlyCount "67"]
[EventDate "2012.08.10"]
[EventType "team-swiss"]
[EventRounds "9"]
[EventCountry "IND"]
[SourceTitle "CBM 149 Extra"]
[Source "ChessBase"]
[SourceDate "2012.08.24"]
[SourceVersion "1"]
[SourceVersionDate "2012.08.24"]
[SourceQuality "1"]
[WhiteTeam "Venezuela"]
[BlackTeam "Iran"]
[WhiteTeamCountry "VEN"]
[BlackTeamCountry "IRI"]

1. c4 e6 2. Nc3 d5 3. d4 c6 4. Nf3 Nf6 5. cxd5 exd5 6. Qc2 Nbd7 7. Bg5 Be7 8. e3 0-0 9. Bd3 Re8 10. 0-0 Nf8 11. Bxf6 Bxf6 12. b4 a6 13. a4 Bd7 14. b5 axb5 15. axb5 g6 16. Nd2 Ne6 17. Nb3 Be7 18. Rxa8 Qxa8 19. Ra1 Qb8 20. b6 Bd6 21. g3 Qd8 22. Na4 Qe7 23. Nac5 Bc8 24. Nxe6 Bxe6 25. Nc5 Bc8 26. Ra7 h5 27. Ra8 Kg7 28. Bf1 h4 29. Qc3 hxg3 30. hxg3 Qg5 31. e4 Bxc5 32. dxc5+ Kh7 33. Bh3 f5 34. exd5 1-0